000 00459nam a2200193Ia 4500
008 240510s9999 xx 000 0 und d
020 _a0000262581337
041 _aEng
082 _a006.31
082 _bC55
100 _aHANSON S.J. (ED.)
245 0 _aCOMPUTATIONAL LEARNING THEORY AND NATURAL LEARNING SYSTEMS
260 _bLONDON : ENGLAND
260 _c1994
300 _a449 p.
650 _aNEURAL NETWORKS
942 _2ddc
942 _cLBK
999 _c25133
_d25133
945 _a1
_bMadushi Gamage
_c1
_dMadushi Gamage